| 000 | 00831nam a2200265 a 4500 | ||
|---|---|---|---|
| 001 | BRL_1808 | ||
| 005 | 20190320211358.0 | ||
| 041 | _aspa | ||
| 044 | _amx | ||
| 050 | 4 |
_aF1221.C5 _b.T46 1974 |
|
| 100 | 1 |
_aThomas, Norman D. _927921 |
|
| 245 | 1 | 0 |
_aEnvidia, brujería y organización ceremonial _bun pueblo zoque _cNorman D. Thomas ; traducción Celia Paschero. |
| 260 |
_aMéxico _bSEP _c1974 |
||
| 300 |
_a175 p. _bil. _c17 cm. |
||
| 440 | 0 |
_aSepsetentas _v166 _922717 |
|
| 500 | _aej.1 Au205, ej.2 Au1983 | ||
| 504 | _aBibliografía: p. 167-174 | ||
| 650 | 1 | 4 |
_aZoques (Indígenas) _xVida social y costumbres _927922 |
| 651 | 4 |
_aIndios de México _zChiapas _927923 |
|
| 651 | 4 |
_aOcultismo _zMéxico _927924 |
|
| 651 | 4 |
_aBrujería _zMéxico _927925 |
|
| 700 | 1 |
_aPaschero, Celia _etr. _927926 |
|
| 902 | _aGRL | ||
| 942 |
_2lcc _cB |
||
| 999 |
_c10616 _d10616 |
||